1472 1697 1455 1447 1451 1173 1810 1467 1573 1802 1466 1888 1544 1512 1699 1644 1528 1152 1519 1795 1664 1529 1382 1113 1043 1185 1559 1580 1762 1812 1587 1631 1797 1098 1383 1286 1861 1521 1812 1197 1548 1365 1456 1210 1037 1678 1479 1740 1092 1592 1731 1523 1693 1834 1678 1359 1414 1333 1669 1087 1566 1331 1073 1321 1908 1642 1792 1229 1208 1989 1094 1111 1071 1379 1988 1447 1230 1598 1848 1471 1833 1395 1277 1108 1688 1371 1445 1291 1926 1257 1135 1467 1482 1671 1985 1085 1254 1440 1104 BCNSPRNW ULIB Ver.6.0+V

เปลี่ยนเป็นภาษาไทย

Change to English
 แสดงรายละเอียดบรรณานุกรม
  กลับหน้าหลัก

Brief Record : Get Marc (ISO 2709) : E-mail record : QR code < ปิดหน้าต่าง
LEADER : 00000nam 2200000uu 4500
001    13399108028
003     ULIB
008    110215s||||||||th 000 0 tha d
060 04 QT225^bม686ป 2552
245 00 ปาฏิหาริย์แห่งการวิ่ง :^bเติมพลังให้แก่ชีวิตด้วยการวิ่งเพื่อสุขภาพ /^cมูลนิธิสมาพันธ์ชมรมเดิน-วิ่งเพื่อสุขภาพไทย
260    กรุงเทพฯ :^bสำนักงานกองทุนสนับสนุนการสร้างเสริมสุขภาพ(สสส),^c2552
300    51 หน้า :^bภาพประกอบ ;^c21 ซม
650  7 การวิ่ง
650  7 การออกกำลังกาย
710 2  สำนักงานกองทุนสนับสนุนการสร้างเสริมสุขภาพ
945    ^p0^l0^i025714
995    ทศพร
999 ^a ใช้งานได้ทุกระบบ
รายการนี้ยังไม่มีแท็ก
คุณยังไม่ได้ล็อกอิน คุณสามารถมีกิจกรรมร่วมกับเว็บไซต์ได้ แต่ต้องล็อกอินก่อน ::
  ล็อกอิน

รายการสื่อสารสนเทศ

ลำดับที่ ประเภท เลขเรียก/บาร์โค้ด สถานที่ สถานะ
- ไม่พบข้อมูล -

รายการใกล้เคียง
    หัวเรื่อง [การวิ่ง]
    หัวเรื่อง [การออกกำลังกาย]

BibComment


ยังไม่เคยถูกคอมเมนท์

คอมเมนท์ทรัพยากรรายการนี้
  คอมเมนท์: ปาฏิหาริย์แห่งการ..


 Copyright 2026. Bcnsprnw @Library